| 000 | 01387nam a2200349 a 4500 | ||
|---|---|---|---|
| 001 | 000013885 | ||
| 003 | DO-SdBNP | ||
| 005 | 20160426143817.0 | ||
| 007 | 000013885 | ||
| 008 | 091120s2014 dr a 000 0 spa d | ||
| 020 | _a994549550X | ||
| 040 |
_aBPMSU _bspa _cBPMSU |
||
| 092 |
_axxxx _bC965c |
||
| 100 | 1 | _aCuello Orbe, Elisa Ysabel del | |
| 245 | 1 | 0 |
_aCapullito 1 : _bnivel inicial / _cCuello del Orbe Elisa Ysabel ; ilustraciones Henry Cid |
| 250 | _a6a. ed. rev. y act. | ||
| 260 |
_aSanto Domingo : _bActualidad escolar 2000, _c2014. |
||
| 300 |
_a2v. : _bil. ; _c22 cm. |
||
| 490 | 1 | _aAraya | |
| 500 | _aLa biblioteca posee el nivel 1 | ||
| 500 | _aEste libro ha sido realizado de acuerdo al curriculum vigente y ha sido sometido a la evaluación y aprobación de la MINERD,(Ministerio de Educación República Dominicana ) | ||
| 505 |
_gv. 1: _tVamos a la escuela -- _tPinocho -- _tSoy dominicano -- _tLa ensalada de la abuela -- _tLa abeja Lotty -- _tViaje al universo -- |
||
| 700 | 1 | 2 |
_aCid, Henry, _eil. |
| 830 | 0 | _aAraya | |
| 930 | 1 |
_lBND01 _mLF1 _820091204 _f04 _pCT _g8019 |
|
| 930 | 1 |
_lBND01 _mLF1 _820091120 _f01 _pCT _g8019 |
|
| 942 |
_2ddc _cBK |
||
| 956 |
_aBTAVAREZ _b10 _c20091204 _lBND01 _h1045 |
||
| 956 |
_aVMATEO _b10 _c20150520 _lBMET02 _h00151 |
||
| 956 |
_aVMATEO _b10 _c20150728 _lBPMSU _h00151 |
||
| 956 |
_aLOPEREZ _b10 _c20160426 _lBPMSU _h00041 |
||
| 999 |
_c9926 _d9926 |
||